[Event "ROM-ch U08"]
[Site "Calimanesti"]
[Date "2018.04.02"]
[Round "8"]
[White "Anghelescu, Teodor Stefan"]
[Black "Iorga, Alexandru Gabriel"]
[Result "1-0"]
[WhiteElo "1001"]
[BlackElo "1082"]
[PlyCount "80"]
[EventDate "2018.03.27"]
[EventType "swiss"]
[EventRounds "9"]
[EventCountry "ROU"]
[SourceTitle "CBM 183 Extra"]
[Source "ChessBase"]
[SourceDate "2018.04.19"]
[SourceVersion "1"]
[SourceVersionDate "2018.04.19"]
[SourceQuality "1"]

1. d4 d5 2. Nf3 Nf6 3. Bf4 e6 4. e3 b6 5. c4 c5 6. Nc3 Nc6 7. Nb5 Be7 8. Nc7+ Kf8 9. Nxa8 Bd6 10. Bxd6+ Qxd6 11. Nxb6 axb6 12. Be2 e5 13. dxe5 Nxe5 14. Nxe5 Qxe5 15. Qc2 dxc4 16. Bxc4 Be6 17. Bxe6 fxe6 18. Qc3 Qxc3+ 19. bxc3 Kf7 20. 0-0 Ra8 21. f4 b5 22. Rfc1 b4 23. cxb4 cxb4 24. Rc7+ Kf8 25. Rb7 Nd5 26. Rc1 Re8 27. g3 Nxe3 28. Rxb4 Nd5 29. Rb5 Ne7 30. a4 Nd5 31. a5 Ra8 32. Ra1 Nc7 33. Rc5 Nd5 34. a6 Nb4 35. a7 Nd5 36. Kf2 Nb6 37. Rc6 Nc8 38. Rxc8+ Rxc8 39. a8Q Rxa8 40. Rxa8+ Kf7 1-0

[Event "ROM-ch U08"]
[Site "Calimanesti Caciulata"]
[Date "2016.04.23"]
[Round "7"]
[White "Constantinescu, Andrei"]
[Black "Iorga, Alexandru Gabriel"]
[Result "1/2-1/2"]
[WhiteElo "1016"]
[BlackElo "1001"]
[PlyCount "118"]
[EventDate "2016.04.18"]
[EventType "swiss"]
[EventRounds "9"]
[EventCountry "ROU"]
[SourceTitle "CBM 172 Extra"]
[Source "ChessBase"]
[SourceDate "2016.06.21"]
[SourceVersion "1"]
[SourceVersionDate "2016.06.21"]
[SourceQuality "1"]

1. e4 e5 2. d4 exd4 3. Qxd4 Nc6 4. Qe3 Nb4 5. Qb3 Nf6 6. a3 Nc6 7. Qe3 Be7 8. Bd2 d5 9. e5 Ng4 10. Qf4 Ngxe5 11. Qg3 0-0 12. Bh6 Bf6 13. Nc3 Qe7 14. Nxd5 Qd6 15. Nxf6+ Qxf6 16. Bg5 Qg6 17. Bf4 Qxg3 18. Bxg3 Nd4 19. 0-0-0 Bg4 20. Rxd4 Be6 21. Bxe5 Rad8 22. Rf4 Rd7 23. Rf3 Rfd8 24. Be2 Bc4 25. b3 Bxe2 26. Rg3 Rd1+ 27. Kb2 g6 28. Bxc7 Rc8 29. Re3 Bb5 30. Bf4 Bc6 31. Rd3 Rxd3 32. cxd3 Bxg2 33. d4 Rd8 34. Bg5 Rxd4 35. Kc3 Rg4 36. Nh3 Bxh1 37. Be3 Rh4 38. Ng5 Rxh2 39. Bxa7 h6 40. Nxf7 Kxf7 41. a4 Rh4 42. a5 Rh3+ 43. Kb4 g5 44. Kb5 h5 45. b4 Ra3 46. Bc5 g4 47. Kb6 Kg7 48. b5 h4 49. Bxa3 g3 50. fxg3 hxg3 51. Bc5 Kg6 52. a6 bxa6 53. bxa6 Kh5 54. Bd6 Kh4 55. a7 Kh3 56. Bc5 Kh2 57. Bd6 Bd5 58. Bxg3+ Kxg3 59. a8Q Bxa8 1/2-1/2

[Event "ROM-ch U08"]
[Site "Calimanesti Caciulata"]
[Date "2016.04.21"]
[Round "4"]
[White "Coltan, Rares Dimitri"]
[Black "Iorga, Alexandru Gabriel"]
[Result "1-0"]
[WhiteElo "1001"]
[BlackElo "1001"]
[PlyCount "29"]
[EventDate "2016.04.18"]
[EventType "swiss"]
[EventRounds "9"]
[EventCountry "ROU"]
[SourceTitle "CBM 172 Extra"]
[Source "ChessBase"]
[SourceDate "2016.06.21"]
[SourceVersion "1"]
[SourceVersionDate "2016.06.21"]
[SourceQuality "1"]

1. e4 e5 2. Nf3 Nc6 3. d4 exd4 4. Nxd4 Nxd4 5. Qxd4 Nf6 6. e5 c5 7. Qe3 Nd5 8. Qg5 Be7 9. Qxg7 Qa5+ 10. Bd2 Qb6 11. Qxh8+ Bf8 12. Bg5 Qxb2 13. Bd3 Qxa1 14. Bh6 Nc3 15. Qxf8# 1-0

[Event "ROM-ch U08"]
[Site "Calimanesti Caciulata"]
[Date "2016.04.18"]
[Round "1"]
[White "Iorga, Alexandru Gabriel"]
[Black "Radu, David Cr"]
[Result "0-1"]
[WhiteElo "1001"]
[BlackElo "1127"]
[PlyCount "28"]
[EventDate "2016.04.18"]
[EventType "swiss"]
[EventRounds "9"]
[EventCountry "ROU"]
[SourceTitle "CBM 172 Extra"]
[Source "ChessBase"]
[SourceDate "2016.06.21"]
[SourceVersion "1"]
[SourceVersionDate "2016.06.21"]
[SourceQuality "1"]

1. e4 e5 2. Nf3 Nc6 3. Bc4 Nf6 4. Nc3 Bc5 5. 0-0 0-0 6. d3 d6 7. Bg5 Bg4 8. Bxf6 Qxf6 9. Nd5 Qd8 10. Qe2 Nd4 11. Qd1 Nxf3+ 12. gxf3 Bh3 13. Re1 Qg5+ 14. Kh1 Qg2# 0-1